000 01713nam a2200421 i 4500
001 000047609
003 DO-SdBNP
005 20260305073952.0
007 ta
008 180704s2025 dr 001 0 spa d
020 _a9789993439790
040 _aDO-SdBNP
_bspa
_cBNPHU
_erda
041 _aspa
082 4 _a972.93
_bM938ot 2025
_222
100 1 _aMoya Pons, Frank,
_d1944-
_eautor
_4aut.
_92095
245 1 0 _aOtras miradas a la historia dominicana /
_cFrank Moya Pons ; coordinación editorial, Clara Dobarro ; edición, María del Carmen Vicente, Andrés Blanco y Manuel Ángel Suárez.
264 4 _aSanto Domingo, República Dominicana :
_bEditora Nacional,
_bMinisterio de Cultura,
_c©2025
300 _a609 páginas ;
_c24 cm.
336 _atexto
_btxt
_2rdacontent
337 _asin mediación
_bn
_2rdamedia
338 _avolumen
_bnc
_2rdacarrier
500 _aIncluye datos biográficos de la autor en las solapas
500 _aIncluye índice onomástico
500 _aIncluye apéndice
590 _aInventariado, 2026 /LP
651 4 _aRepública Dominicana
_xHistoria
_9170
651 4 _aRepública Dominicana
_xCondiciones sociales
_xHistoria
_91211
651 4 _aRepública Dominicana
_xCondiciones económicas
_xHistoria
_9281
651 4 _aRepública Dominicana
_xPoblación
_xHistoria
_91456
651 4 _aRepública Dominicana
_xHistoriografía
_91457
700 1 _aDobarro, Clara,
_ecoordinador
_4coord.
_934619
700 1 _aVicente, María del Carmen,
_eeditor
_4ed.
700 1 _aSuárez, Manuel Ángel
_eeditor
_4ed.
_974910
700 1 _aBlanco, Andrés
_eeditor
_4ed.
_976085
700 1 _aSuárez, Manuel Ángel
_eeditor
_4ed.
_974910
910 _aLP.
942 _2ddc
_cLBS1
999 _c60341
_d60341